000 00345nam a22001337a 4500
008 210308b ||||| |||| 00| 0 eng d
041 _aeng
080 _251
_a51
082 _251
100 _a37
101 _aMAT
245 _aDie Grundlehren Der Mathematischen Wissenschaften in Einzeldarstellungen
_cE.HEWITT and K,A Ross
942 _2udc
_cBK
999 _c55923
_d55923